LEADER 01825nam0 2200421 i 450 001 RAV0150429 005 20251003044325.0 010 $a8815031588 100 $a20240129d1991 ||||0itac50 ba 101 | $aita 102 $ait 181 1$6z01$ai $bxxxe 182 1$6z01$an 183 1$6z01$anc$2RDAcarrier 200 1 $aˆLe ‰dodici Europe$eˆi ‰paesi della Comunita di fronte ai cambiamenti del 1989-1990$fa cura di Maurizio Ferrera 210 $aBologna$cIl mulino$d\1991! 215 $a192 p.$c22 225 | $aCronache internazionali$fISPI 300 $aIn testa al front.: ISPI, Istituto per gli studi di politica internazionale 311 $a1991$9CFI0167944 410 1$1001CFI0167944$12001 $aCronache internazionali$fISPI$171202$aIstituto per gli studi di politica internazionale$3CFIV080660 606 $aComunita economica europea$x1989-1990$2FIR$3LO1C018773$9I 606 $aPaesi della Comunita economica europea$x1989-1990$2FIR$3LO1C021724$9I 676 $a327.4$9$v12 676 $a341.2422$9COMUNITA ECONOMICA EUROPEA (MERCATO COMUNE EUROPEO)$v19 676 $a341.2422$9UNIONE EUROPEA$v23 686 $a5171.2$cEUROPA UNITA CEE 1989-2001$2R 702 1$aFerrera$b, Maurizio$3CFIV028771 712 02$aIstituto per gli studi di politica internazionale$3CFIV080660 791 02$aISPI$c $3CFIV118665$zIstituto per gli studi di politica internazionale 801 3$aIT$bIT-000000$c20240129 850 $aIT-BN0095 901 $bNAP 01$cD $n$ 912 $aRAV0150429 950 0$aBiblioteca Centralizzata di Ateneo$d 01D (AR) 4 166$e 01AR 0070041665 VMA A4 1 v.$fY $h20221124$i20221124 977 $a 01 996 $aDodici europe$9858997 997 $aUNISANNIO